| 000 -LEADER |
| fixed length control field |
nam a22 a 4500 |
| 003 - CONTROL NUMBER IDENTIFIER |
| control field |
AKMAL |
| 005 - DATE AND TIME OF LATEST TRANSACTION |
| control field |
20170517153737.0 |
| 008 - FIXED-LENGTH DATA ELEMENTS--GENERAL INFORMATION |
| fixed length control field |
170517s200u my a e | 000 0 may d |
| 015 ## - NATIONAL BIBLIOGRAPHY NUMBER |
| National bibliography number |
M08-07278 |
| 020 ## - INTERNATIONAL STANDARD BOOK NUMBER |
| International Standard Book Number |
9831975111 (kkt.) |
| 039 #9 - LEVEL OF BIBLIOGRAPHIC CONTROL AND CODING DETAIL [OBSOLETE] |
| Level of rules in bibliographic description |
201005120942 |
| Level of effort used to assign nonsubject heading access points |
shuhada |
| Level of effort used to assign subject headings |
201005111214 |
| Level of effort used to assign classification |
faridah |
| Level of effort used to assign subject headings |
200809041125 |
| Level of effort used to assign classification |
anisatul |
| Level of effort used to assign subject headings |
200809041124 |
| Level of effort used to assign classification |
anisatul |
| 040 ## - CATALOGING SOURCE |
| Original cataloging agency |
AKMAL |
| Transcribing agency |
AKMAL |
| 049 ## - LOCAL HOLDINGS (OCLC) |
| Holding library |
klpmal |
| 082 04 - DEWEY DECIMAL CLASSIFICATION NUMBER |
| Classification number |
641.3 MAD |
| Edition number |
22 |
| 090 00 - LOCALLY ASSIGNED LC-TYPE CALL NUMBER (OCLC); LOCAL CALL NUMBER (RLIN) |
| Classification number (OCLC) (R) ; Classification number, CALL (RLIN) (NR) |
641.3 |
| Local cutter number (OCLC) ; Book number/undivided call number, CALL (RLIN) |
MAD |
| 090 20 - LOCALLY ASSIGNED LC-TYPE CALL NUMBER (OCLC); LOCAL CALL NUMBER (RLIN) |
| Classification number (OCLC) (R) ; Classification number, CALL (RLIN) (NR) |
641.3 |
| Local cutter number (OCLC) ; Book number/undivided call number, CALL (RLIN) |
WAD |
| 100 1# - MAIN ENTRY--PERSONAL NAME |
| Personal name |
Wratsongko, Madyo |
| 9 (RLIN) |
5690 |
| 245 10 - TITLE STATEMENT |
| Title |
Penjagaan kesihatan di usia emas / |
| Statement of responsibility, etc. |
Madyo Wratsongko, Nor Faridah Sharuddin |
| 260 ## - PUBLICATION, DISTRIBUTION, ETC. |
| Place of publication, distribution, etc. |
Kuala Lumpur : |
| Name of publisher, distributor, etc. |
Synergy Media, |
| Date of publication, distribution, etc. |
[200?] |
| 300 ## - PHYSICAL DESCRIPTION |
| Extent |
70ms. : |
| Other physical details |
il. wrn. ; |
| Dimensions |
26cm. |
| 490 1# - SERIES STATEMENT |
| Series statement |
Pengamalan gaya kehidupan sihat |
| 520 ## - SUMMARY, ETC. |
| Summary, etc. |
Sihat dan cergas pada usia tua dengan jus buah-buahan dan sayur-sayuran |
| 650 10 - SUBJECT ADDED ENTRY--TOPICAL TERM |
| Topical term or geographic name entry element |
Aged |
| General subdivision |
Health and hygiene |
| 9 (RLIN) |
5691 |
| 650 20 - SUBJECT ADDED ENTRY--TOPICAL TERM |
| Topical term or geographic name entry element |
Aged |
| General subdivision |
Care |
| 9 (RLIN) |
5692 |
| 700 1# - ADDED ENTRY--PERSONAL NAME |
| Personal name |
Nor Faridah Sharuddin |
| 9 (RLIN) |
5693 |
| 942 ## - ADDED ENTRY ELEMENTS (KOHA) |
| Source of classification or shelving scheme |
|
| Koha item type |
Book |